00284pab a2200121 454500008004000000100001600040245003500056260000900091300000800100362001200108650002200120773002000142180718b1989 xxu||||| |||| 00| 0 eng d aBajaj, K.K. aEducation for women's equality c1989 a7-9 a13 Nov. aWomen - Education aUniversity News